000 01196nam a22002657a 4500
005 20240530110523.0
008 160223s2011 ua a f b 000 0 ara d
017 _a2011/4467
_bمصر . دار الكتب المصرية
020 _a9789777044677
040 _aEG-CaGPL
082 0 4 _221
_a370.932
_bق/ب ت
100 1 _aبرونر ، هيملوت .
245 1 2 _aالتربية و التعليم عند المصريين القدماء /
_cتاليف هيملوت برونر ؛ ترجمة مصطفى عبدالباسط ؛ مراجعة محمد ابوحطب خالد ؛ مراجعة تاريخية هليل غالى .
250 _aط1.
260 _aالقاهرة :
_bالمركز القومى للترجمة ،
_c2011 .
300 _a346 ص ؛
_c24 سم .
490 0 _aالمشروع القومى للترجمة ، 1847 .
650 0 4 _aالتعليم
_xتاريخ
_zمصر .
650 0 4 _aالتعليم
_zمصر القديمة .
700 0 _aمصطفى عبدالباسط
_eمترجم .
700 0 _aهليل غالى
_eمراجع تاريخى .
700 0 _aمحمد ابوحطب خالد
_eمراجع .
942 _2ddc
_cBK
999 _c61941
_d61941